000
00343nam a2200145Ia 4500
008
150201s1976 xx 000 0 und d
082
_a
617.6
_b
M1976B
100
_a
BIRD L.DONI
245
_a
MODERN DENTAL ASSISTING
250
_a
8TH
260
_b
ELSEVIER
_a
DELHI
_c
1976
300
_a
1-1122
650
_a
GENERAL DENTISTRY
942
_2
ddc
_c
BK
999
_c
3462
_d
3462